How to use yoga : (Record no. 358031)
[ view plain ]
| 000 -LEADER | |
|---|---|
| fixed length control field | 00646nam a2200229Ia 4500 |
| 008 - FIXED-LENGTH DATA ELEMENTS--GENERAL INFORMATION | |
| fixed length control field | 180620s9999 xx 000 0 und d |
| 020 ## - INTERNATIONAL STANDARD BOOK NUMBER | |
| International Standard Book Number | 978-1-84476-271-2 |
| 050 ## - LIBRARY OF CONGRESS CALL NUMBER | |
| Classification number | REF RA 781.7 |
| 050 ## - LIBRARY OF CONGRESS CALL NUMBER | |
| Item number | .M44 2006 |
| 100 ## - MAIN ENTRY--PERSONAL NAME | |
| Personal name | Mehta, Mira. |
| 245 #0 - TITLE STATEMENT | |
| Title | How to use yoga : |
| 245 #2 - TITLE STATEMENT | |
| Remainder of title | a step-by-step guide to the lyengar method of yoga for relaxation, health and well-being shown in 450 photographs / |
| 245 #0 - TITLE STATEMENT | |
| Statement of responsibility, etc | Mira Mehta. |
| 260 ## - PUBLICATION, DISTRIBUTION, ETC. (IMPRINT) | |
| Place of publication, distribution, etc | London : |
| 260 ## - PUBLICATION, DISTRIBUTION, ETC. (IMPRINT) | |
| Name of publisher, distributor, etc | Annes Pub., Ltd., |
| 260 ## - PUBLICATION, DISTRIBUTION, ETC. (IMPRINT) | |
| Date of publication, distribution, etc | 2006 |
| 300 ## - PHYSICAL DESCRIPTION | |
| Extent | 96 pages : |
| 300 ## - PHYSICAL DESCRIPTION | |
| Other physical details | colored illustrations ; |
| 300 ## - PHYSICAL DESCRIPTION | |
| Dimensions | 30 cm. |
| 500 ## - GENERAL NOTE | |
| General note | Includes index. |
| 650 ## - SUBJECT ADDED ENTRY--TOPICAL TERM | |
| Topical term or geographic name as entry element | Yoga. |
| Withdrawn status | Lost status | Damaged status | Home library | Current library | Shelving location | Date acquired | Cost, normal purchase price | Total Checkouts | Full call number | Barcode | Date last seen | Price effective from | Koha item type |
|---|---|---|---|---|---|---|---|---|---|---|---|---|---|
| South Mansfield College | South Mansfield College | Reference Section | 01/10/2008 | 971.00 | REF RA 781.7 .M44 2006 | SMC04065 | 06/20/2018 | 06/20/2018 |